000 01033nam a2200313Ia 4500
001 Z_609
003 CHAP
008 220113s1980 xx 000 0 und d
010 _a163720
040 _cCHAP
090 _aTesis R 105
100 _aReyes Guzmán, Pedro
_996858
245 _aEstudio de algunos factores ambientales que afectan la producción y reproducción en dos establos de Puebla y Guanajuato /
_cpor Pedro Reyes Guzmán
260 _aChapingo, Méx. :
_bEl autor,
_c1980
300 _a69 h.; gráfs.
502 _aTesis (Ing. Agrónomo Esp. en Zootecnia) -- UACH. Departamento de Zootecnia
650 _aGanado Holstein
_945133
650 _aGanado lechero
_xEfecto del medio ambiente
_945258
650 _aGanado lechero
_xProducción
_945288
650 _aGanado lechero
_xReproducción
_945294
650 _aGuanajuato
_xGanado lechero
_9137829
650 _aPuebla
_xGanado lechero
_9137830
901 _aTESIS R 105
902 _aM
910 _a1980
942 _c2
942 _c2
999 _c163720
_d163720